[Event "Lasker Memorial op-B 15th"]
[Site "Barlinek"]
[Date "2007.06.05"]
[Round "4"]
[White "Bajek, Marek"]
[Black "Majkowski, Andrzej"]
[Result "0-1"]
[WhiteElo "2027"]
[BlackElo "2019"]
[PlyCount "117"]
[EventDate "2007.06.02"]
[EventType "swiss"]
[EventRounds "10"]
[EventCountry "POL"]
[SourceTitle "CBM 118 Extra"]
[Source "ChessBase"]
[SourceDate "2007.07.04"]
[SourceVersion "1"]
[SourceVersionDate "2007.07.04"]
[SourceQuality "1"]

1. e4 c5 2. Nf3 d6 3. d4 cxd4 4. Nxd4 Nf6 5. Nc3 a6 6. f3 e6 7. Be3 Qc7 8. Qd2 b5 9. g4 Bb7 10. 0-0-0 Nc6 11. h4 Rc8 12. Kb1 Ne5 13. Rh3 Be7 14. h5 Nc4 15. Bxc4 Qxc4 16. Nb3 Bd8 17. g5 Nd7 18. Qxd6 Nb8 19. Bc5 Ba8 20. Rhh1 b4 21. Rd4 Qxc5 22. Nxc5 Be7 23. Qxe7+ Kxe7 24. N3a4 a5 25. Rhd1 Bc6 26. Nb6 Rcd8 27. Rxd8 Rxd8 28. Rxd8 Kxd8 29. Nc4 a4 30. Nd3 Na6 31. Nce5 Be8 32. Nc4 Ke7 33. e5 Bc6 34. f4 Bd5 35. Nb6 Bc6 36. Kc1 Bb5 37. Nc8+ Kf8 38. Kd2 Bc6 39. Ke3 Bd5 40. b3 axb3 41. axb3 h6 42. Nd6 Bg2 43. Ne4 Bh3 44. Kf3 Bf5 45. Ke3 Bg4 46. Ng3 Bd1 47. Kd2 Bf3 48. Ne1 Bb7 49. Kd3 Nc7 50. Kc4 Nd5 51. Nd3 Ba6+ 52. Kc5 Bxd3 53. cxd3 Nxf4 54. gxh6 gxh6 55. d4 Nd5 56. Ne4 Ke7 57. Kb5 Nc3+ 58. Kxb4 Nd5+ 59. Ka5 0-1

[Event "IECG L1.2000.0.00010 email"]
[Site "IECG email"]
[Date "2000.03.05"]
[Round "?"]
[White "Alonso, Juan Jose"]
[Black "Bajek, Marek"]
[Result "1-0"]
[WhiteElo "1912"]
[BlackElo "2027"]
[PlyCount "71"]
[EventDate "2000.03.05"]
[EventType "tourn (corr)"]
[EventRounds "14"]
[SourceTitle "Corr 2008"]
[Source "ChessBase"]
[SourceDate "2008.06.24"]
[SourceVersion "1"]
[SourceVersionDate "2008.06.24"]
[SourceQuality "1"]

1. d4 Nf6 2. Bg5 Ne4 3. Bf4 c5 4. f3 Nf6 5. dxc5 Qa5+ 6. c3 Qxc5 7. e4 d6 8. Qd2 Nc6 9. Na3 Be6 10. Ne2 g6 11. Nd4 Bd7 12. Ndb5 Qb6 13. Nc4 Qd8 14. e5 dxe5 15. Nxe5 Rc8 16. Qe2 Be6 17. Rd1 Qb6 18. Nc4 Qa6 19. Nc7+ Rxc7 20. Bxc7 Bg7 21. Qd2 0-0 22. Na5 b5 23. a4 Bc4 24. axb5 Bxb5 25. Bxb5 Qxb5 26. Qd3 Qxd3 27. Rxd3 Rc8 28. Nxc6 Rxc7 29. Rd8+ Bf8 30. Ne5 Rc5 31. Nd3 Rd5 32. Rxd5 Nxd5 33. Ke2 Nb6 34. Ra1 Nc8 35. Ne5 e6 36. Nc6 1-0